¿Continuidad o cambio?: política económica argentina posterior a la crisis y el gobierno de Néstor Kírchner, 2003-2007 /
Guardado en:
| Autor principal: | |
|---|---|
| Formato: | Texto |
| Etiquetas: |
Agregar Etiqueta
Sin Etiquetas, Sea el primero en etiquetar este registro!
|
MARC
| LEADER | 00000 a a2200000 04500 | ||
|---|---|---|---|
| 001 | 46498 | ||
| 003 | |||
| 040 | |||
| 100 | |a Wylde, Christopher | ||
| 245 | |a ¿Continuidad o cambio?: |b política económica argentina posterior a la crisis y el gobierno de Néstor Kírchner, 2003-2007 / |c Christopher Wylde | ||
| 773 | |g volumen16, número43 ( , 2012), páginas 109-133 : tablas, gráficos | ||
| 999 | |c 26592 |d 26592 | ||
